000
00257nam a2200097Ia 4500
001
1250832
005
20251031150904.0
008
251031s9999 xx 000 0 und d
245
0
_c
NİRAN ELÇİ
_a
J-1 KARABÖCÜ HOŞ GELDİ
260
_b
GÜNIŞIĞI YAYINLARI
999
_c
1250832
_d
1250832